| 000 | 00388nam a22001457a 4500 | ||
|---|---|---|---|
| 003 | OSt | ||
| 020 | _a9780007301676 | ||
| 082 |
_a155.28 _bCAN/JA |
||
| 100 | _aCanfield Jack | ||
| 245 | _aThe success principles :how to get from where you are to where you want to be | ||
| 250 | _a1 | ||
| 260 |
_aNew Delhi _bHarper collins publishers India _c2011 |
||
| 300 | _a473p. | ||
| 942 |
_2ddc _cBK |
||
| 999 |
_c190611 _d190611 |
||